Vincitrici Torneo di Wimbledon - Singolare femminile - Statistics

Statistiche generali
  • Questo quiz è stato fatto 7 volte
    4 dall'ultimo reset
  • Il punteggio medio è 42 su 56
Statistiche sulle risposte
Edizione Nazione Tennista vincitrice % Corretto
1978 Cecoslovacchia Martina Navrátilová
100%
1979 Cecoslovacchia Martina Navrátilová
100%
1982 Stati Uniti Martina Navrátilová
100%
1983 Stati Uniti Martina Navrátilová
100%
1984 Stati Uniti Martina Navrátilová
100%
1985 Stati Uniti Martina Navrátilová
100%
1986 Stati Uniti Martina Navrátilová
100%
1987 Stati Uniti Martina Navrátilová
100%
1990 Stati Uniti Martina Navrátilová
100%
1988 Germania Ovest Steffi Graf
100%
1989 Germania Ovest Steffi Graf
100%
1991 Germania Steffi Graf
100%
1992 Germania Steffi Graf
100%
1993 Germania Steffi Graf
100%
1995 Germania Steffi Graf
100%
1996 Germania Steffi Graf
100%
2006 Francia Amélie Mauresmo
75%
2021 Australia Ashleigh Barty
75%
2010 Stati Uniti BanSerena Williams
75%
1974 Stati Uniti Chris Evert
75%
1976 Stati Uniti Chris Evert
75%
1981 Stati Uniti Chris Evert
75%
2022 Kazakistan Elena Rybakina
75%
2017 Spagna Garbiñe Muguruza
75%
1999 Stati Uniti Lindsay Davenport
75%
2004 Russia Marija Šarapova
75%
2013 Francia Marion Bartoli
75%
1997 Svizzera Martina Hingis
75%
2011 Repubblica CEca Petra Kvitová
75%
2014 Repubblica Ceca Petra Kvitová
75%
2002 Stati Uniti Serena Williams
75%
2003 Stati Uniti Serena Williams
75%
2009 Stati Uniti Serena Williams
75%
2012 Stati Uniti Serena Williams
75%
2015 Stati Uniti Serena Williams
75%
2016 Stati Uniti Serena Williams
75%
2019 Romania Simona Halep
75%
2000 Stati Uniti Venus Williams
75%
2001 Stati Uniti Venus Williams
75%
2005 Stati Uniti Venus Williams
75%
2007 Stati Uniti Venus Williams
75%
2008 Stati Uniti Venus Williams
75%
2018 Germania Angelique Kerber
50%
1968 Stati Uniti Billie Jean King
50%
1972 Stati Uniti Billie Jean King
50%
1973 Stati Uniti Billie Jean King
50%
1975 Stati Uniti Billie Jean King
50%
1994 Spagna Conchita Martínez
50%
1971 Australia Evonne Goolagong
50%
1980 Australia Evonne Goolagong
50%
1970 Australia Margaret Smith Court
50%
2023 Repubblica Ceca Markéta Vondroušová
50%
1977 Regno Unito Virginia Wade
50%
1969 Regno Unito Ann Haydon-Jones
25%
1998 Repubblica Ceca Jana Novotná
25%
2024 Repubblica Ceca Barbora Krejčíková
0%
Nessun quiz corrispondente trovato
Distribuzione punteggi
Percentuale di utenti per punteggio
Percentile per numero di risposta
I tuoi punteggi nel tempo
Non hai fatto questo quiz dall'ultimo reset